000 00350nam a22001337a 4500
020 _a0-915586-99-1
082 _a620.23 THU'F
100 _aMILLER, R. K, THUMANN, ALBERT
_966301
245 _aFUNDAMENTALS OF NOISE CONTROL ENGINEERING
260 _aNEWJERSCY
_bPRENTICE HALL
_c1986
300 _a287P
650 _aNOISE CONTROL
_93293
942 _cBK
999 _c574282
_d574282